000 00683nam a2200217 u 4500
005 20240228064334.0
008 190206s2007 es r 000 0 spa d
020 _a9788478719518
035 _aUPN01000228866
049 _aI
050 4 _aPZ78
_bCH5.4
100 1 _aChild, Lauren,
_d1967-
_933864
245 1 0 _aJuan y Tolola :
_bopuestos /
_cLauren Child ; tr. Raquel Mancera.
260 _a[España] :
_bSerres,
_c2007.
300 _a[12] p. :
_bprincipalmente il. col.
534 _pTítulo original:
_tCharlie and Lola's opposites
650 4 _aCuentos infantiles ingleses
_910002
650 4 _aLibros y lectura para niños
_92290
905 _aInfantil
999 _c200961
_d200961